000 00725nam a2200289Ia 4500
005 20260324114542.0
008 008 260324s9999 xx 000 0 eng d
020 _a9781003269908
037 _aEBOOK
040 _aCRL
040 _beng
040 _cCRL
041 _2eng
041 _aeng
084 _qCRL
100 _aP. Sivakumar; B. Vinoth Kumar; R. S. Sandhya Devi
_91151223
245 0 _aSoftware Engineering for Automotive Systems
245 0 _bPrinciples and Applications
260 _bTaylor and Francis
260 _c2022
365 _a
365 _b195
856 _uhttp://www.taylorfrancis.com/books/9781003269908
942 _cEBOOK
999 _c1741474
_d1741474